Find The Countries II Quiz Stats

 Plays Quiz Updated Feb 13, 2019

Support Sporcle.
Go Orange.
Score 0/10 Timer 06:00
3 Plays Today
Number/Hint Country % Correct
8.Spain
83.6%
3.Paraguay
72.8%
2.North Korea
69.4%
10.Colombia
69.3%
5.Norway
67.4%
7.South Africa
64%
1.Azerbaijan
50.9%
9.Croatia
37.2%
6.Albania
36.9%
4.Burkina Faso
33.8%

From the Vault

NFL 1st Round RBs (2000-present)

by mattm1211

Sports 7m
Being drafted in the first round, doesn't always guarantee success.
Remove Ads.
Support Sporcle.
Get the best of Sporcle when you Go Orange. This ad-free experience offers more features, more stats, and more fun while also helping to support Sporcle. Thank you for becoming a member.

Show Comments

Extras

Top Quizzes Today


Score Distribution

Your Account Isn't Verified!

In order to create a playlist on Sporcle, you need to verify the email address you used during registration. Go to your Sporcle Settings to finish the process.

Report this User

Report this user for behavior that violates our Community Guidelines.

Details: